Statistiques concernant Football - Anciens joueurs de Chelsea (moins de 60 matchs)

Cliquez ici pour prendre le quiz!

Statistiques générales

  • Ce quiz a été pris 116 fois
  • Le résultat moyen est 11 sur 14

Statistiques - réponses

Nationalité - Dernier clubSaisonsPosteRéponse% Correct
Égypte - Liverpool2013 - 2015AttqauntMohamed Salah
97%
Belgique - Manchester City2013 - 2014MilieuKevin De Bruyne
92%
Colombie - Inter Milan2014 - 2015AttaquantJuan Cuadrado
90%
Angleterre - Milan AC2016 - 2021DéfenseurFikayo Tomori
86%
Pays-Bas - Manchester City2012 - 2014DéfenseurNathan Aké
85%
Espagne - Atletico Madrid2021 - 2022MilieuSaúl Ñíguez
85%
Argentine - Inter Miami (retraité)2018 - 2019AttaquantGonzalo Higuaín
83%
Colombie - Rayo Vallecano2015 - 2016AttaquantRadamel Falcao
82%
Cameroun - Qatar SC (retraité)2013 - 2014AttaquantSamuel Eto'o
80%
Argentine - Southampton (retraité)2017 - 2021GardienWilly Caballero
65%
Bosnie-Herzégovine - Queens Park Rangers2015 - 2017GardienAsmir Begović
63%
RDC - Amiens2009 - 2011MilieuGaël Kakuta
61%
Burkina Faso - Villareal2013 - 2014AttaquantBertrand Traoré
54%
Italie - Atalanta2017 - 2019DéfenseurDavide Zappacosta
46%

Distribution des résultats

Percentile par nombre de réponses

% des personnes avec chaque résultat

Votre développement - résultats

Vous n’avez pas pris ce quiz